Agilné prístupy k návrhu IS a Webengineering diplomová práca

Gespeichert in:
Bibliographische Detailangaben
1. Verfasser: Keller, Peter
Körperschaft: Fakulta hospodárskej informatiky EU. Katedra aplikovanej informatiky
Weitere Verfasser: Závodný, Peter
Format: Buch
Sprache:Slowakisch
Veröffentlicht: Bratislava 2013
Tags: Tag hinzufügen
Keine Tags, Fügen Sie das erste Tag hinzu!

MARC

LEADER 00000nbm a2200000 4500
001 0171442
005 20161109102432.2
041 0 |a slo 
044 |a SK 
245 1 0 |a Agilné prístupy k návrhu IS a Webengineering  |b diplomová práca  |c Peter Keller ; školiteľ: Peter Závodný 
264 1 |a Bratislava  |c 2013 
300 |a 63 s. 
100 1 |a Keller, Peter 
700 1 |a Závodný, Peter 
710 2 |a Fakulta hospodárskej informatiky EU. Katedra aplikovanej informatiky